000 01217nam a2200349Ia 4500
005 20220317000152.0
007 ta
008 210817s2012 fr a br 000 1 sp d
020 _a9788488342577
040 _aCO-BoRNBP
_bspa
_erda
_cCO-BoRNBP
041 1 _aspa
_hfra
084 _aA BER20
100 1 _aBernos, Clotilde
_d1950 -
_eautora
245 1 0 _aYo, Ming
_cClotilde Bernos ; ilustraciones de Nathalie Novi ; traducción de Esther Rubio
250 _aSegunda edición
264 1 _aBarcelona
_bEditorial Kókinos
_c2012
300 _a[28] páginas
_bilustraciones
_c26 cm
336 _atexto
_btxt
_2rdacontent
337 _asin mediación
_bn
_2rdamedia
338 _avolumen
_bnc
_2rdacarrier
521 _aRecomendado para un público infantil mayor de 9 años
534 _tMoi, Ming
650 1 7 _aÁlbumes infantiles franceses
_ySiglo XX
_2LEMB
650 1 7 _aLiteratura infantil francesa
_ySiglo XX
_2LEMB
650 1 7 _aAutores franceses
_vSiglo XX
_2LEMB
650 1 7 _aSueños
_vÁlbum
_2LEMB
650 1 7 _aAnhelos
_vÁlbum
_2LEMB
650 1 7 _aImaginación
_vÁlbum
_2LEMB
700 1 _aNovi, Nathalie
_d1963-
_eilustradora
_9181574
700 1 _aRubio, Esther
_etraductora
_918702
942 _2loc
_cBKINF
999 _c3290
_d3290